[Event "Paris-ch op-B"]
[Site "Paris"]
[Date "2009.07.12"]
[Round "9"]
[White "Vlahovic, Dimitri"]
[Black "Sampaio, Joao"]
[Result "1-0"]
[WhiteElo "1844"]
[BlackElo "1740"]
[PlyCount "120"]
[EventDate "2009.07.04"]
[EventType "swiss"]
[EventRounds "9"]
[EventCountry "FRA"]
[SourceTitle "EXT 2010"]
[Source "ChessBase"]
[SourceDate "2010.11.25"]
[SourceVersion "1"]
[SourceVersionDate "2010.11.25"]
[SourceQuality "1"]

1. e4 e6 2. Nc3 c5 3. Nf3 d6 4. Bb5+ Bd7 5. a4 a6 6. Bxd7+ Nxd7 7. d3 Ngf6 8. 0-0 Be7 9. Ng5 0-0 10. h4 Ne5 11. f3 Ng6 12. g3 h6 13. Nh3 d5 14. Qe2 d4 15. Nd1 Nh5 16. Kh2 Bd6 17. f4 Nxg3 18. Kxg3 Qxh4+ 19. Kg2 Rae8 20. Bd2 f5 21. Be1 Qg4+ 22. Qxg4 fxg4 23. Ng1 Nxf4+ 24. Kh1 g5 25. Bg3 h5 26. c3 h4 27. Bxf4 gxf4 28. Nf2 g3 29. Nfh3 Re7 30. Kg2 e5 31. Nf3 Rh7 32. c4 a5 33. Rh1 Kg7 34. Nhg5 h3+ 35. Nxh3 Rfh8 36. Ra3 b6 37. Rb3 Bc7 38. Rb5 Kf6 39. Nfg5 Rh5 40. Nf3 R5h7 41. Rb3 Rh5 42. Ra3 R5h6 43. Raa1 Kg6 44. Nhg5 Rxh1 45. Rxh1 Rxh1 46. Kxh1 Kf6 47. Kg2 Kg6 48. Kh3 Kf6 49. Kg4 Kg6 50. Ne6 Bd6 51. Nd8 Kf6 52. Nc6 Bc7 53. Nh4 Ke6 54. Kf3 Kd6 55. Na7 Ke6 56. Nb5 Bd8 57. Nf5 Kf6 58. Nfd6 Be7 59. Ne8+ Kf7 60. Ned6+ Kf6 1-0